| 000 | 00543nam a22002057a 4500 | ||
|---|---|---|---|
| 999 |
_c35681 _d35681 |
||
| 003 | OSt | ||
| 005 | 20220629121714.0 | ||
| 008 | 220629b ||||| |||| 00| 0 spa d | ||
| 020 | _a950-15-0609-6 | ||
| 040 | _cBiblioteca Ernesto Sábato | ||
| 092 |
_a944.04 _bJ82 _eJLS |
||
| 100 | _aJordan, David P. | ||
| 245 | _aRobespierre : El primer revolucionario | ||
| 260 |
_aBuenos Aires _bJavier Vergara _c1986 |
||
| 300 | _a294 p | ||
| 650 | _aROBESPIERRE, MAXIMILLIEN | ||
| 650 | _aREVOLUCIÓN FRANCESA | ||
| 650 | _aJLS | ||
| 942 |
_2ddc _cJLS |
||